000 00357nam a22001217a 4500
999 _c9542
_d9542
003 OSt
008 201209b ||||| |||| 00| 0 eng d
245 _aProceedings Mathematical Sciences
250 _a2012(Feb Vol.122 No.1, May Vol.122 No.2, Aug Vol.122 No.3, Nov Vol.122 No.4)
260 _aBengaluru
_bSpringer
650 _aApplied Science
942 _2ddc
_cBV